| 000 | 00701nam a2200289Ia 4500 | ||
|---|---|---|---|
| 005 | 20260324121235.0 | ||
| 008 | 008 260324s9999 xx 000 0 eng d | ||
| 020 | _a9780429255595 | ||
| 037 | _aEBOOK | ||
| 040 | _aCRL | ||
| 040 | _beng | ||
| 040 | _cCRL | ||
| 041 | _2eng | ||
| 041 | _aeng | ||
| 084 | _qCRL | ||
| 100 |
_aJoseph Niederstadt _91158173 |
||
| 245 | 0 | _aKamishibai Boards | |
| 245 | 2 | _bA Lean Visual Management System That Supports Layered Audits | |
| 260 | _bTaylor and Francis | ||
| 260 | _c2014 | ||
| 365 | _a | ||
| 365 | _b290 | ||
| 856 | _uhttp://www.taylorfrancis.com/books/9780429255595 | ||
| 942 | _cEBOOK | ||
| 999 |
_c1753724 _d1753724 |
||